| 000 | 00755cab a2200241 4500 | ||
|---|---|---|---|
| 001 | WB3236-15 | ||
| 008 | 090401t1996 xxu||||| |||| 00| 0 eng d | ||
| 035 | _a(Sirsi) u7911 | ||
| 041 | _aeng | ||
| 245 | _aFarmers lose out to golf courses | ||
| 260 | _c1996 | ||
| 350 | _a0 | ||
| 490 |
_aFinancial Times _v23 September 1996, 6(1) |
||
| 520 | _aA report by the London School of Economics claims that the farmer has become economically marginalised in the countryside compared with the golf course and leisure park owners. | ||
| 650 | _aAGRICULTURE | ||
| 650 | _aCOUNTRYSIDE BUSINESS GROUP | ||
| 650 | _aCOUNTRYSIDE | ||
| 650 | _aGOLF COURSES | ||
| 650 | _aRURAL ECONOMY | ||
| 690 | _aECONOMIC AND SOCIAL | ||
| 942 | _n0 | ||
| 948 | _c04/03/1997 | ||
| 999 |
_c4815 _d4815 |
||